Teoría teatral / (Registro nro. 136659)

Detalles MARC
000 -CABECERA
campo de control de longitud fija 01318nam a22003734a 4500
001 - NÚMERO DE CONTROL
campo de control 991007926469706706
003 - IDENTIFICADOR DEL NÚMERO DE CONTROL
campo de control ES-BaIT
005 - FECHA Y HORA DE LA ÚLTIMA TRANSACCIÓN
campo de control 20251009134224.0
008 - DATOS DE LONGITUD FIJA--INFORMACIÓN GENERAL
campo de control de longitud fija 930118s1975 sp |||||| |00| ||spa|c
020 ## - NÚMERO INTERNACIONAL ESTÁNDAR DEL LIBRO
Número Internacional Estándar del Libro 8424500210
035 ## - NÚMERO DE CONTROL DEL SISTEMA
Número de control de sistema (ES-BaCBU).b11842040
035 ## - NÚMERO DE CONTROL DEL SISTEMA
Número de control de sistema (OCoLC)802428049
040 ## - FUENTE DE LA CATALOGACIÓN
Centro catalogador/agencia de origen ES-BaCBU
Lengua de catalogación cat
Centro/agencia transcriptor ES-BaCBU
080 ## - NÚMERO DE LA CLASIFICACIÓN DECIMAL UNIVERSAL
Número de la Clasificación Decimal Universal 792
100 1# - ENTRADA PRINCIPAL--NOMBRE DE PERSONA
Nombre de persona Meyerhold, V. E.
Forma completa/desarrollada del nombre (Vsevolod Emilievitx),
Fechas asociadas al nombre 1874-1940
9 (RLIN) 76618
245 10 - MENCIÓN DE TÍTULO
Título Teoría teatral /
Mención de responsabilidad, etc. V.E. Meyerhold ; traducción Agustín Barreno ; selección y notas Cristina Vizcaíno
260 ## - PUBLICACIÓN, DISTRIBUCIÓN, ETC.
Lugar de publicación, distribución, etc. Madrid :
Nombre del editor, distribuidor, etc. Fundamentos,
Fecha de publicación, distribución, etc. 1975
300 ## - DESCRIPCIÓN FÍSICA
Extensión 224 p. ;
Dimensiones 20 cm
500 ## - NOTA GENERAL
Nota general Reimpressions: 1986
500 ## - NOTA GENERAL
Nota general Reimpressions: 1975, 1982, 2008, 2013
650 #7 - PUNTO DE ACCESO ADICIONAL DE MATERIA--TÉRMINO DE MATERIA
Término de materia o nombre geográfico como elemento de entrada Teatre
Fuente del encabezamiento o término thub
650 07 - PUNTO DE ACCESO ADICIONAL DE MATERIA--TÉRMINO DE MATERIA
Término de materia o nombre geográfico como elemento de entrada Teatre
Subdivisión general Teoria i estètica
9 (RLIN) 57803
700 1# - ENTRADA AGREGADA--NOMBRE PERSONAL
Nombre de persona Vizcaino, Cristina
9 (RLIN) 52009
830 #0 - PUNTO DE ACCESO ADICIONAL DE SERIE-TÍTULO UNIFORME
Título uniforme Colección Arte (Editorial Fundamentos).
Nombre de parte o sección de la obra Serie Teatro
Designación de volumen o secuencia 3
9 (RLIN) 143278
908 ## - COLOCAR PARÁMETRO DE COMANDO (RLIN)
Colocar parámetro de comando UAB
-- CDMAE
942 ## - ELEMENTOS DE ENTRADA AGREGADA (KOHA)
Fuente del sistema de clasificación o colocación Clasificación decimal universal
Tipo de ítem Koha Llibre
949 ## - PROCESAMIENTO DE INFORMACIÓN LOCAL (OCLC)
6 1900076046
9 ED. 1975
a 792.01 MEY
o Donació de Jordi López Mestres
949 ## - PROCESAMIENTO DE INFORMACIÓN LOCAL (OCLC)
6 1900064421
a 792.01 MEY
949 ## - PROCESAMIENTO DE INFORMACIÓN LOCAL (OCLC)
6 1900062426
9 5a ed.
a 792.01 MEY
949 ## - PROCESAMIENTO DE INFORMACIÓN LOCAL (OCLC)
6 1900065525
9 9a ed.
a 792.01 MEY
949 ## - PROCESAMIENTO DE INFORMACIÓN LOCAL (OCLC)
6 1900022155
a 792.01 MEY
o R.25.902
949 ## - PROCESAMIENTO DE INFORMACIÓN LOCAL (OCLC)
6 1900012914
a N-36854
o R.74
949 ## - PROCESAMIENTO DE INFORMACIÓN LOCAL (OCLC)
6 1900012920
a 792.01 MEY
o R.1.060
Existencias
Estado de retiro Estado de pérdida Estado dañado No para préstamo Localización permanente Ubicación/localización actual Ubicación en estantería Fecha de adquisición Fuente de adquisición Información codificada de la localización en otra ubicación Enumeración/cronología de publicación seriada Total de préstamos Signatura topográfica completa Código de barras Fecha visto por última vez Número de copia Precio válido a partir de Tipo de ítem Koha Fuente del sistema de clasificación o colocación Renovaciones totales Fecha del último préstamo
        Biblioteca Barcelona Biblioteca Barcelona BCN Magatzem Fons N 03/03/2017 Reconversió 10000 Reimp. 1975   7287-N 1900010060 03/03/2017 1 11/08/2021 Llibre      
        Biblioteca Barcelona Biblioteca Barcelona BCN Magatzem Fons N 26/05/1995 Compra 10000     N-36854 1900012914 27/09/2010 1 11/08/2021 Llibre      
        Biblioteca Barcelona Biblioteca Barcelona BCN Lliure Accés 28/03/1995 Compra 10040 4a ed. 1982 9 792.01 MEY 1900022155 05/12/2019 1 11/08/2021 Llibre Clasificación decimal universal    
        Biblioteca Barcelona Biblioteca Barcelona BCN Lliure Accés 10/07/2013 Restituït 10040 9a ed. 14 792.01 MEY 1900065525 19/10/2023 1 11/08/2021 Llibre   12 12/09/2023
        Biblioteca Barcelona Biblioteca Barcelona BCN Magatzem Fons N 09/11/2011 Donatiu 10040 5a ed. 18 N-42923 1900062426 16/06/2021 1 11/08/2021 Llibre Clasificación decimal universal    
        Biblioteca Barcelona Biblioteca Barcelona BCN Lliure Accés 31/12/2012 Compra 10040 8a ed. 18 792.01 MEY 1900064421 12/01/2026 1 11/08/2021 Llibre Clasificación decimal universal 11 10/11/2025
        Biblioteca Terrassa Biblioteca Terrassa VALLÈS-J.Oliver 12/02/2018 Donatiu 40000 ED. 1975 2 792.01 MEY 1900076046 22/11/2024 1 11/08/2021 Llibre   5 05/12/2023
        Biblioteca Terrassa Biblioteca Terrassa VALLÈS-J.Oliver 09/04/2025 Donatiu   8a ed.   792.01 MEY 1900054683 08/07/2025   09/04/2025 Llibre Clasificación decimal universal    
        Biblioteca Vic Biblioteca Vic OSONA-Vic 26/05/1995 Compra 50000     792.01 MEY 1900012920 18/11/2002 1 11/08/2021 Llibre      

Con tecnología Koha